LEADER 01170nam a2200241 i 4500 001 000000235098 003 CaOOAMICUS 005 20141029000000.0 008 141029s1957 it u000 u ita u 013 $a214001 040 $aSeMil$bita 100 1 $aAlvaro, Corrado,$d<1895-1956>.$0(OLS)http://semarc/name/8442 245 10$aTotalitarismo e cultura :$bantologia da «Confluence» /$cAlvaro ... [et al.] ; a cura di G. A. Brioschi e Leo Valiani ; Prefazione di Aldo Garosci. 260 $aMilano :$bEdizioni di Comunitą,$cstampa 1957. 300 $aXVI, 530 p. ;$c23 cm. 650 4$aConfluence - 1952-1954 - Antologie.$0(OLS)http://semarc/subject/41828 700 1 $aGarosci, Aldo.$0(OLS)http://semarc/name/24197 700 1 $aValiani, Leo,$d<1909-1999>.$0(OLS)http://semarc/name/18236 700 1 $aBrioschi, Giancarlo.$0(OLS)http://semarc/name/80458 850 $aSeMil 852 $aSeMil$W1$xVenegono$y1$m3M IV 144$j185444$B185444$CSeMilBibl$Z2$F196303 $81 996 $6245$aTotalitarismo e cultura :$bantologia da «Confluence»$9(OLS)http://semarc/title/335294 996 $6260$aMilano :$bEdizioni di Comunitą$9(OLS)http://semarc/publisher/31458 LEADER 01468nam a2200301 i 4500 001 000000052713 003 CaOOAMICUS 005 20210430105505.0 008 130315s1768 it u000 u lat u 013 $a23885 026 $ae-6. s-o- i-4. deRe (3) 1768 (R) 040 $aSeMil$bita 110 2 $aChiesa Cattolica : Congregazione dei riti.$0(OLS)http://semarc/name/552 245 00$aDecreta Sacrae Rituum Congregationis notis illustrata. 250 $aAltera editio Romana 260 $aRomae :$bApud Natalem Barbiellini in foro Pasquini,$c1768$e(Romae :$fEx Typogr. S. Michaelis : Apud Paulum Junchi aer. Bizzarrini,$g1768) 300 $aVII, [1], 409, [3] p. ;$c8°. 500 $aFregio xilogr. sul front. - Cors. ; rom. 500 $aSegn.: a4 A-Q12 R14 650 4$aSacre Congregazioni - Congregazione dei riti.$0(OLS)http://semarc/subject/57994 700 1 $aGiunchi, Paolo,$c.$0(OLS)http://semarc/name/12678 700 1 $aBarbiellini, Natale,$c.$0(OLS)http://semarc/name/14223 710 2 $aStamperia di San Michele a Ripa$b.$0(OLS)http://semarc/name/14302 850 $aSeMil 852 $aSeMil$W1$xVenegono$y1$m2H I 19 FA$j18867$B18867$CSeMilBibl$Z2$F18869 $8I 996 $6245$aDecreta Sacrae Rituum Congregationis notis illustrata$9(OLS)http://semarc/title/81001 996 $6260$aRomae :$bApud Natalem Barbiellini in foro Pasquini$9(OLS)http://semarc/publisher/41497